书目信息 |
| 题名: |
科技管理
|
|
| 作者: | ;中国工业科技管理大连培训中心 编 | |
| 分册: | ||
| 出版信息: | 北京 企业管理出版社 1981 |
|
| 页数: | 193页 | |
| 开本: | 19cm | |
| 丛书名: | ||
| 单 册: | ||
| 中图分类: | G311 | |
| 科图分类: | ||
| 主题词: | 科学技术管理 | |
| 电子资源: | ||
| ISBN: | 4207.021 | |
| 000 | 00669nam0 2200229 450 | |
| 001 | 0181007499 | |
| 005 | 20100712220038.0 | |
| 010 | @a4207.021@dCNY0.70 | |
| 091 | @a4207.021 | |
| 100 | @a19950426d1981 em y0chiy0110 ea | |
| 101 | 0 | @achi |
| 102 | @aCN@b110000 | |
| 105 | @ay z 000yy | |
| 106 | @ar | |
| 200 | 1 | @a科技管理@9Ke Ji Guan Li @f中国工业科技管理大连培训中心编 |
| 210 | @a北京@c企业管理出版社@d1981 | |
| 215 | @a193页@d19cm | |
| 606 | 0 | @a科学技术管理 |
| 690 | @aG311@v3 | |
| 711 | 02 | @a中国工业科技管理大连培训中心@9zhong guo gong ye ke ji guan li da lian pei xun zhong xin@4编 |
| 801 | 0 | @aCN@bAzMarc@c20130904 |
| 905 | @aBZT@dG311@e14@f1@sG311/14 | |
| 科技管理/中国工业科技管理大连培训中心编.-北京:企业管理出版社,1981 |
| 193页;19cm |
| ISBN 4207.021:CNY0.70 |
| ● |
| 相关链接 |
|
|
|
正题名:科技管理
索取号:G311/14
 
预约/预借
| 序号 | 登录号 | 条形码 | 馆藏地/架位号 | 状态 | 备注 |
| 1 | 2000118183 | 2000118183 | 旧书回溯/ [索取号:G311/14] | 在馆 |